000 00686nam a22002051i 4500
001 000030489
003 RuMoIPM
005 20260506110111.0
008 130426s1960----ur | c rus
040 _aRuMoIPM
_brus
_ercr
041 0 _arus
044 _aru
080 _a51(091)(07)
245 0 _a[Т.] 1
_cК. А. Рыбников
260 _c1960
300 _a190 с., [6] л. ил.
_bчерт.
504 _aБиблиогр.: с. 187-189
773 1 8 _aРыбников, Константин Алексеевич
_dМосква: Изд-во МГУ, 1960-1963
_tИстория математики: [учебное пособие для ун-тов]
_w000030488
942 _cBK
999 _c30489
_d30489